A moderate short discourse concerning tenderness of conscience /

Bibliographic Details
Main Author: Bradshaw, John, 1602-1659
Format: Microform Book
Language:English
Series:Early English books, 1641-1700 ; 1521:14.
Subjects:

MARC

Tag First Indicator Second Indicator Subfields
LEADER 00000cam a2200000 a 4500
001 in00000883821
005 20150923143608.0
007 hd afb017baca
007 hd bfb017baaa
008 851108s1663 miu a 00010 eng d
035 |a (OCoLC)12774762 
035 |9 AEL6374AM 
037 |a CL0037000054  |b University Microfilms International 
037 |b University Microfilms International, 300 N. Zeeb Rd., Ann Arbor, MI 48106 
040 |a EAH  |c EAH  |d m/c  |d UtOrBLW 
049 |a TXAI 
090 |a BV4615  |b .B72 
099 |a film   |a  B   |a  3609 
100 1 |a Bradshaw, John,  |d 1602-1659. 
245 1 2 |a A moderate short discourse concerning tenderness of conscience /  |c by John Bradshaw ... 
264 3 |a London :  |b Printed by John Best for Andrew Crook ...,  |c [1663] 
300 |a 4 unnumbered pages, 32 pages 
336 |a text  |b txt  |2 rdacontent 
337 |a microform  |b h  |2 rdamedia 
338 |a microfilm reel  |b hd  |2 rdacarrier 
500 |a Date of publication suggested by Wing. 
500 |a Errata: page [4]. 
500 |a Reproduction of original in the British Library. 
510 4 |a Wing  |c B4154 
533 |a Microfilm.  |b Ann Arbor, Mich. :  |c University Microfilms International,  |d 1984.  |e 1 microfilm reel ; 35 mm.  |f (Early English books, 1641-1700 ; 1521:14) 
500 |a Microform. 
650 0 |a Conscience. 
650 0 |a Christian ethics. 
650 0 |a Moderation  |x Religious aspects. 
830 0 |a Early English books, 1641-1700 ;  |v 1521:14. 
999 |a MARS 
999 f f |s 78db353c-763c-38b6-9997-40faf0df5bce  |i 092d73bf-cda6-39d9-8262-d3c02823d23c  |t 0 
952 f f |p default  |a Texas A&M University  |b College Station  |c Sterling C. Evans Library  |d Evans: Microforms (3rd floor)  |t 0  |e film B 3609 1521:14  |h Other scheme  |i microform -- microfilm reel 
998 f f |a film B 3609 1521:14  |t 0  |l Evans: Microforms (3rd floor)